| 000 | 00697 a2200229 4500 | ||
|---|---|---|---|
| 001 | 133005 | ||
| 003 | OSt | ||
| 005 | 20220331161314.0 | ||
| 008 | |||
| 020 | _a0817632638 | ||
| 082 |
_a515.2433 _bF82F |
||
| 245 | 1 |
_aFourier analysis and convexity _cedited by Luca Brandolini...[et.al.] |
|
| 260 |
_aBoston _bBirkhauser _c2004 |
||
| 300 | _a268 p. | ||
| 490 | _aApplied and numerical hermonic analysis | ||
| 690 | _aFourier analysis; Convex geometry; Discrete geometry | ||
| 700 |
_aBrandolini, Luca _eEditor |
||
| 700 |
_aColzani, Leonardo _eEditor |
||
| 700 |
_aIosevich, Alex _eEditor |
||
| 700 |
_aTravaglini, Giancarlo _eEditor |
||
| 942 |
_2ddc _cBK |
||
| 999 |
_c7337 _d7337 |
||